Problémy priemyselnej politiky pri oživení slovenského hospodárstva

Na minha lista:
Detalhes bibliográficos
Autor principal: Staněk, Peter
Outros Autores: Černá, Jana
Formato: Livro
Idioma:eslovaco
Publicado em: Bratislava Prognostický ústav SAV 1994
Edição:1. vyd.
Colecção:Otvorená séria Č.4
Assuntos:
Tags: Adicionar Tag
Sem tags, seja o primeiro a adicionar uma tag!

MARC

LEADER 00000nam a2200000 4500
001 c010107
005 20221214074725.4
041 0 |a slo 
044 |a SK 
245 1 0 |a Problémy priemyselnej politiky pri oživení slovenského hospodárstva  |c Peter Stanek, Jana Černá 
250 |a 1. vyd. 
264 1 |a Bratislava  |b Prognostický ústav SAV  |c 1994 
300 |a 41 s. 
490 1 |a Otvorená séria  |v Č.4 
830 0 |a Otvorená séria  |v Č.4 
610 2 0 |a politika priemyselná 
610 2 0 |a Slovensko 
610 2 0 |a hospodárstvo národné 
610 2 0 |a transformácia 
100 1 |a Staněk, Peter 
700 1 |a Černá, Jana